<?xml version="1.0" encoding="UTF-8"?>
<collection xmlns="http://www.loc.gov/MARC21/slim">
 <record>
  <leader>02430nam a2200217Ia 4500</leader>
  <controlfield tag="001">TDMU_32300</controlfield>
  <controlfield tag="008">210410s9999    xx            000 0 und d</controlfield>
  <datafield tag="082" ind1=" " ind2=" ">
   <subfield code="a">378.170281</subfield>
  </datafield>
  <datafield tag="090" ind1=" " ind2=" ">
   <subfield code="b">S452</subfield>
  </datafield>
  <datafield tag="100" ind1=" " ind2=" ">
   <subfield code="a">Sôlôkhốp, Mikhain</subfield>
  </datafield>
  <datafield tag="245" ind1=" " ind2="0">
   <subfield code="a">Số phận con người</subfield>
  </datafield>
  <datafield tag="245" ind1=" " ind2="0">
   <subfield code="c">Mikhain Sôlôkhốp; Nhiều người dịch</subfield>
  </datafield>
  <datafield tag="260" ind1=" " ind2=" ">
   <subfield code="a">H.</subfield>
  </datafield>
  <datafield tag="260" ind1=" " ind2=" ">
   <subfield code="b">Văn học</subfield>
  </datafield>
  <datafield tag="260" ind1=" " ind2=" ">
   <subfield code="c">2016</subfield>
  </datafield>
  <datafield tag="300" ind1=" " ind2=" ">
   <subfield code="a">461tr.</subfield>
  </datafield>
  <datafield tag="520" ind1=" " ind2=" ">
   <subfield code="a">Giải thưởng văn chương 1965; Andrey Sokolov là chiến sĩ Hồng quân trong thời gian nổ ra cuộc Chiến tranh Vệ quốc. Chiến tranh tàn khốc đã đem tới cho cuộc đời anh những đau thương khôn xiết: Bản thân bị thương, bị tù đày, vợ và hai con gái chết vì bom đạn, con trai duy nhất hi sinh đúng vào ngày chiến thắng. Chiến tranh qua đi, Andrey xuất ngũ, không còn nơi nương tựa, anh phải đến ở nhờ nhà bạn và làm lái xe chở hàng. Trong những ngày chìm trong nỗi day dứt khôn nguôi về số phận mình, Andrey bắt gặp Vania - một chú bé mồ côi, bụi đời. Anh nhận chú bé làm con nuôi, bên nhau hai bố con đã sống thật hạnh phúc. Nhưng số phận cơ cực vẫn chưa buông tha họ. Trong một chuyến chở hàng, Andrey Sokolov gặp rủi ro, bị tước bằng lái xe. Thế là mất việc, hai bố con dắt nhau đi lang thang &quot;khắp nẻo đường nước Nga&quot; kiếm kế sinh nhai, dù phải vật lộn với muôn vàn khó khăn song những con người bị chiến tranh xô đẩy vẫn tràn trề niềm tin yêu cuộc sống, vào sức mạnh ý chí của con người. Và cho đến khi kết thúc câu chuyện, người cựu binh già Andrey Sokolov vẫn giấu không cho cậu con trai biết về những nỗi đau khổ riêng tư của mình.</subfield>
  </datafield>
  <datafield tag="650" ind1=" " ind2=" ">
   <subfield code="a">Văn học hiện đại</subfield>
   <subfield code="v">Truyện ngắn</subfield>
   <subfield code="z">Nga; Truyện ngắn Nga</subfield>
  </datafield>
  <datafield tag="700" ind1=" " ind2=" ">
   <subfield code="a">Nhiều người dịch</subfield>
  </datafield>
  <datafield tag="856" ind1=" " ind2=" ">
   <subfield code="u">http://lrc.tdmu.edu.vn/opac/search/detail.asp?aID=2&amp;ID=32300</subfield>
  </datafield>
  <datafield tag="980" ind1=" " ind2=" ">
   <subfield code="a">Trung tâm Học liệu Trường Đại học Thủ Dầu Một</subfield>
  </datafield>
 </record>
</collection>
